[Event "GER-chT U18 Girls"]
[Site "Germany"]
[Date "2012.05.06"]
[Round "7.2"]
[White "Hoernschemeyer, Mara"]
[Black "Schimmelpfennig, Desiree"]
[Result "0-1"]
[WhiteElo "800"]
[BlackElo "939"]
[PlyCount "82"]
[EventDate "2012.05.04"]
[EventType "team-swiss"]
[EventRounds "7"]
[EventCountry "GER"]
[SourceTitle "EXT 2014"]
[Source "ChessBase"]
[SourceDate "2013.11.20"]
[SourceVersion "1"]
[SourceVersionDate "2013.11.20"]
[SourceQuality "1"]
[WhiteTeam "Hamm FvSG (W)"]
[BlackTeam "Waiblingen (W)"]
[WhiteTeamCountry "GER"]
[BlackTeamCountry "GER"]

1. e4 e5 2. Nf3 Nc6 3. Bc4 Nf6 4. d3 Bc5 5. Nc3 0-0 6. Ng5 d6 7. Qf3 Bg4 8. Qg3 Nd4 9. f3 Nxc2+ 10. Kd1 Nxa1 11. fxg4 h6 12. Nf3 Qd7 13. g5 Nh5 14. Qh4 g6 15. gxh6 Kh7 16. Nd5 f6 17. Bd2 c6 18. d4 exd4 19. Nf4 f5 20. Ng5+ Kxh6 21. Be6 Qe7 22. g3 Qxg5 23. Qh3 Qg4+ 24. Ne2+ g5 25. Qg2 Ng7 26. h4 Nxe6 27. hxg5+ Kg7 28. Qh2 Rh8 29. Qg2 d3 30. Bc3+ Bd4 31. Re1 Nc2 32. Qf1 Nxe1 33. Qxe1 dxe2+ 34. Kd2 Bxc3+ 35. Kxc3 Qf3+ 36. Kd2 Qxe4 37. Kc3 Qd4+ 38. Kc2 Qe3 39. g4 Nd4+ 40. Kb1 Qd3+ 41. Kc1 Qc2# 0-1

[Event "GER-chT U18 Girls"]
[Site "Germany"]
[Date "2012.05.04"]
[Round "2.3"]
[White "Schimmelpfennig, Desiree"]
[Black "Boden, Talitha"]
[Result "1-0"]
[WhiteElo "939"]
[BlackElo "964"]
[PlyCount "109"]
[EventDate "2012.05.04"]
[EventType "team-swiss"]
[EventRounds "7"]
[EventCountry "GER"]
[SourceTitle "EXT 2014"]
[Source "ChessBase"]
[SourceDate "2013.11.20"]
[SourceVersion "1"]
[SourceVersionDate "2013.11.20"]
[SourceQuality "1"]
[WhiteTeam "Waiblingen (W)"]
[BlackTeam "Aue CWG (W)"]
[WhiteTeamCountry "GER"]
[BlackTeamCountry "GER"]

1. e4 e5 2. Nf3 Nc6 3. Nc3 Nf6 4. Bb5 g6 5. d3 Bg7 6. 0-0 0-0 7. Be3 a6 8. Bxc6 bxc6 9. h3 d6 10. a3 Be6 11. Bg5 Qd7 12. Kh2 Rab8 13. b3 c5 14. b4 cxb4 15. axb4 Rxb4 16. Rxa6 Rfb8 17. d4 R4b6 18. Rxb6 Rxb6 19. dxe5 dxe5 20. Qxd7 Bxd7 21. Nxe5 Be6 22. Rd1 Rd6 23. Ra1 Rd8 24. Nc6 Re8 25. e5 Nd7 26. f4 Bf5 27. Ne7+ Kf8 28. Nxf5 gxf5 29. Nd5 c6 30. Nf6 Bxf6 31. exf6 Kg8 32. Ra7 Rd8 33. Rc7 c5 34. Rc6 Re8 35. Rd6 Rd8 36. Rd5 c4 37. Rxf5 Nb6 38. Bh6 Nd5 39. Rg5+ Kh8 40. Rf5 Ne3 41. Re5 Nxc2 42. Re7 Kg8 43. f5 Nd4 44. g4 c3 45. Rc7 c2 46. h4 Re8 47. h5 Re2+ 48. Kh3 Re3+ 49. Bxe3 h6 50. Bxd4 Kh8 51. Rxc2 Kh7 52. Rc7 Kg8 53. g5 Kh7 54. g6+ Kg8 55. Rc8# 1-0